000 00650cam a2200193 4500
001 2315
005 20230404125608.0
008 060907n2003 xx eng
035 _9funglode2323
041 _aeng
050 1 4 _aCD F 00033
245 0 _aDominican Republic - a country study /
_cFederal Research Division
260 _a[s.l.] :
_bFederal Research Division, Library of Congress,
_c2003
300 _ap.v.
500 _aThe current Country Study was previously in a multi-country volume. Chapter numbers reflect those used in the printed book.
651 _aDominican Republic
710 2 _aFederal Research Division
942 _2lcc
_ccd
999 _c628
_d628